Stanovenie hodnoty podniku pre účel jeho predaja diplomová práca

Na minha lista:
Detalhes bibliográficos
Autor principal: Kuklová, Katarína
Autor Corporativo: Fakulta podnikového manažmentu EU. Katedra podnikových financií
Outros Autores: Harumová, Anna, 1955-
Formato: Livro
Idioma:eslovaco
Publicado em: Bratislava 2012
Tags: Adicionar Tag
Sem tags, seja o primeiro a adicionar uma tag!

MARC

LEADER 00000nbm a2200000 4500
001 0152425
005 20161109102036.2
041 0 |a slo 
044 |a SK 
245 1 0 |a Stanovenie hodnoty podniku pre účel jeho predaja  |b diplomová práca  |c Katarína Kuklová ; školiteľ: Anna Harumová 
264 1 |a Bratislava  |c 2012 
300 |a 81 s. 
100 1 |a Kuklová, Katarína 
700 1 |a Harumová, Anna, 1955- 
710 2 |a Fakulta podnikového manažmentu EU. Katedra podnikových financií